Les plus grandes villes de Turquie - Statistiques

Statistiques générales
  • Ce quiz a été pris 2 024 fois
  • Le résultat moyen est 6 sur 10
Statistiques - réponses
Population Ville % Correct
15 113 808 Istanbul
100%
5 036 238 Ankara
99%
2 956 772 Izmir
89%
1 240 891 Antalya
82%
1 300 605 Konya
61%
1 968 867 Bursa
59%
1 737 268 Adana
54%
1 667 546 Gaziantep
42%
996 494 Mersin
30%
1 035 046 Diyarbakir
27%
Aucun quiz correspondant
Distribution des résultats
% des personnes avec chaque résultat
Percentile par nombre de réponses
Votre historique - résultats
Vous n’avez pas pris ce quiz